Valor económico del capital humano en España y sus regiones / (Registro nro. 194952)

Detalles MARC
000 -LEADER
campo de control de longitud fija 02020nam a2200373 i 4500
001 - NÚMERO DE CONTROL
campo de control 194952
003 - IDENTIFICADOR DE NÚMERO DE CONTROL
campo de control ES-MaACL
005 - FECHA Y HORA DE LA ÚLTIMA TRANSACCIÓN
campo de control 20250708193913.0
008 - DATOS DE LONGITUD FIJA--INFORMACIÓN GENERAL
campo de control de longitud fija 240321u2022uuuuuuuuu-|-o----u|----|eng-d
017 ## - NÚMERO DE COPYRIGHT O DE DEPÓSITO LEGAL
Número de copyright o de depósito legal BI 01626-2022
020 ## - NÚMERO INTERNACIONAL ESTÁNDAR DEL LIBRO
Número Internacional Estándar del Libro 9788492937936
035 ## - NÚMERO DE CONTROL DEL SISTEMA
Número de control de sistema (CKB)5580000000507623
035 ## - NÚMERO DE CONTROL DEL SISTEMA
Número de control de sistema (EXLCZ)995580000000507623
040 ## - FUENTE DE CATALOGACIÓN
Lengua de catalogación spa
Centro/agencia transcriptor ES-MaACL
080 ## - NÚMERO DE LA CLASIFICACIÓN DECIMAL UNIVERSAL
Número de la Clasificación Decimal Universal 331.101.26(460)
080 ## - NÚMERO DE LA CLASIFICACIÓN DECIMAL UNIVERSAL
Número de la Clasificación Decimal Universal 331.101.262(460)
080 ## - NÚMERO DE LA CLASIFICACIÓN DECIMAL UNIVERSAL
Número de la Clasificación Decimal Universal 658.3(460)
100 ## - ENTRADA PRINCIPAL--NOMBRE DE PERSONA
Nombre de persona Pérez, Carlos Alberto
9 (RLIN) 236557
Término indicativo de función/relación Autor
245 10 - MENCIÓN DEL TÍTULO
Título Valor económico del capital humano en España y sus regiones /
Mención de responsabilidad, etc. Carlos Albert Pérez, Ángel Soler Guillén ; Dirigido por Lorenzo Serrano Martínez
260 ## - PUBLICACIÓN, DISTRIBUCIÓN, ETC.
Lugar de publicación, distribución, etc. Bilbao :
Nombre del editor, distribuidor, etc. Fundación BBVA,
Fecha de publicación, distribución, etc. 2022
300 ## - DESCRIPCIÓN FÍSICA
Extensión 209 páginas ;
Dimensiones 24 cm
336 ## - TIPO DE CONTENIDO
Fuente rdacontent
Término de tipo de contenido texto
337 ## - TIPO DE MEDIO
Fuente rdamedia
Nombre/término del tipo de medio sin mediación
338 ## - TIPO DE SOPORTE
Fuente rdacarrier
Nombre/término del tipo de soporte volumen
520 ## - RESUMEN, ETC.
Sumario, etc. Las posibilidades de desarrollo de un territorio dependen de la adecuada gestión del conjunto de sus recursos y de la cantidad disponible de los mismos, tanto de bienes de capital producidos (maquinaria, infraestructuras, etc.) como de los recursos naturales o del capital humano de su población. En este último caso, las únicas estimaciones existentes para España hasta la fecha eran las ofrecidas por el Banco Mundial para el conjunto del país y un número escaso de años. El objetivo de esta monografía, por tanto, es la estimación del valor del capital humano en España y sus comunidades autónomas desde el año 2000.
700 ## - ENTRADA AGREGADA--NOMBRE PERSONAL
Nombre de persona Soler Guillén, Ángel
Término indicativo de función/relación Autor
9 (RLIN) 238724
776 ## - ENTRADA DE FORMULARIO FÍSICO ADICIONAL
Número Internacional Estándar del Libro 84-92937-93-9
852 ## - LOCALIZACIÓN
Ubicación ES-MaACL
Ubicación en estantería Depósito J
Número de control de estantería N-9920
Encuadernación Encuadernación rústica con solapas
Donativo/Legado Donación: Editorial
itemnumber 205842
942 ## - ELEMENTOS DE ENTRADA SECUNDARIOS (KOHA)
Tipo de ítem Koha Libro impreso
Suprimir en OPAC No
Existencias
Estatus retirado Estado de pérdida Fuente del sistema de clasificación o colocación Estado de daño No para préstamo Biblioteca de origen Biblioteca actual Ubicación en estantería Fecha de adquisición Fuente de adquisición Total de préstamos Signatura topográfica completa Código de barras Visto por última vez Precio de reemplazo Tipo de ítem Koha
    Clasificación decimal universal     Biblioteca del Ateneo de Madrid Biblioteca del Ateneo de Madrid Depósito J 26/05/2025 Donación   N-9920 101230179 26/05/2025 26/05/2025 Libro impreso